Asia Pacific property cycle monitor (Record no. 107370)

MARC details
000 -LEADER
fixed length control field 01303cad a22002415a 4500
001 - CONTROL NUMBER
control field L139905
008 - FIXED-LENGTH DATA ELEMENTS--GENERAL INFORMATION
fixed length control field 070820s2007 xxkd f s 000 0 eng d
035 ## - SYSTEM CONTROL NUMBER
System control number (Sirsi) u139905
041 0# - LANGUAGE CODE
Language code of text/sound track or separate title eng
050 04 - LIBRARY OF CONGRESS CALL NUMBER
Classification number 333.33 $2 18
100 1# - MAIN ENTRY--PERSONAL NAME
Personal name Yen Keng, Tan
245 00 - TITLE STATEMENT
Title Asia Pacific property cycle monitor
Remainder of title June 2007
Medium [electronic resource]
260 ## - PUBLICATION, DISTRIBUTION, ETC.
Place of publication, distribution, etc. London
Name of publisher, distributor, etc. RREEF
Date of publication, distribution, etc. 2007
520 ## - SUMMARY, ETC.
Summary, etc. Reveals that the Asia Pacific region is still the world leader in terms of global economic performance, in spite of the slight mid-cycle global economic downturn in 2007. The Asian office market is experiencing a healthy growth cycle, encouraging office demand most cities. Asia's retail property market is still favoured by investors, with an increase in shopping centre rents across key Asian markets in 2006. In terms of industrial property, the milder than predicted economic downturn has boosted the sector, with rental growth predicted in the short and medium term.
590 ## - LOCAL NOTE (RLIN)
Local note KA
651 #4 - SUBJECT ADDED ENTRY--GEOGRAPHIC NAME
Geographic name Asia Pacific
690 ## - LOCAL SUBJECT ADDED ENTRY--TOPICAL TERM (OCLC, RLIN)
Topical term or geographic name as entry element PROPERTY-COMMERCIAL PROPERTY-COMMERCIAL PROPERTY MARKET
700 1# - ADDED ENTRY--PERSONAL NAME
Personal name Chin, Henry
700 1# - ADDED ENTRY--PERSONAL NAME
Personal name Hobbs, Peter
710 2# - ADDED ENTRY--CORPORATE NAME
Corporate name or jurisdiction name as entry element Deutsche Bank
Subordinate unit RREEF
-- Real Estate Research
9 (RLIN) 5322
856 40 - ELECTRONIC LOCATION AND ACCESS
Uniform Resource Identifier <a href="https://www.rreef.com">https://www.rreef.com</a>
Public note View the report free of charge at www.rreef.com...
942 ## - ADDED ENTRY ELEMENTS (KOHA)
Suppress in OPAC 0
Holdings
Withdrawn status Lost status Source of classification or shelving scheme Damaged status Not for loan Home library Current library Shelving location Date acquired Total Checkouts Full call number Barcode Date last seen Copy number Price effective from Koha item type
    Dewey Decimal Classification     Virtual Virtual Online 20/08/2007   ONLINE PUBLICATION 139905-2001 06/08/2019 1 06/08/2019 Book